[Event "TUR Cup"]
[Site "Denizli"]
[Date "2023.07.22"]
[Round "9"]
[White "Ogur, Nidal Hevi"]
[Black "Toklu, Ahmet Kayra"]
[Result "1-0"]
[WhiteElo "1462"]
[BlackElo "1171"]
[PlyCount "121"]
[EventDate "2023.07.16"]
[EventType "team-tourn"]
[EventRounds "9"]
[EventCountry "TUR"]
[SourceTitle "CBM 215 Extra"]
[Source "ChessBase"]
[SourceDate "2023.09.30"]
[SourceVersion "1"]
[SourceVersionDate "2023.09.30"]
[SourceQuality "1"]

1. e4 c5 2. Nf3 d6 3. d4 cxd4 4. Nxd4 Nf6 5. Nc3 a6 6. Bg5 b5 7. Bd3 Bb7 8. a3 Nbd7 9. 0-0 e6 10. Re1 Be7 11. Qd2 h6 12. Bh4 Qb6 13. Nb3 0-0 14. Kh1 Rac8 15. f4 Nxe4 16. Nxe4 Bxh4 17. Re2 Nc5 18. Nxd6 Rc7 19. Nxc5 Qxc5 20. Nxb7 Rxb7 21. Qb4 Rc7 22. Qe4 g6 23. f5 Bf6 24. fxg6 fxg6 25. Qxe6+ Kh7 26. Rae1 Rcf7 27. Qxa6 Qd4 28. b3 Qg4 29. Re4 Qd7 30. Qxb5 Qa7 31. Ra4 Qf2 32. Rf1 Qe3 33. Raf4 Kg7 34. R4f3 Qa7 35. Qc4 Bb2 36. Rxf7+ Rxf7 37. Rxf7+ Qxf7 38. Qxf7+ Kxf7 39. a4 Bc3 40. Kg1 g5 41. Kf2 Ke6 42. Ke3 Kd5 43. Bc4+ Kc5 44. Kd3 Be5 45. c3 Bxh2 46. b4+ Kb6 47. g4 Be5 48. Be6 Kc6 49. Kc4 Bg3 50. Bd5+ Kb6 51. a5+ Ka6 52. Be6 Be1 53. Bc8+ Ka7 54. b5 Ka8 55. Bf5 Ka7 56. Kb4 Bd2 57. b6+ Kb7 58. Kb5 Bxc3 59. a6+ Kb8 60. a7+ Ka8 61. Be4# 1-0

[Event "TUR Cup"]
[Site "Adapazari"]
[Date "2022.03.26"]
[Round "3"]
[White "Toklu, Ahmet Kayra"]
[Black "Cil, Batuhan"]
[Result "0-1"]
[WhiteElo "1131"]
[BlackElo "1737"]
[PlyCount "58"]
[EventDate "2022.03.25"]
[EventType "swiss"]
[EventRounds "11"]
[EventCountry "TUR"]
[SourceTitle "EXT 2023"]
[Source "ChessBase"]
[SourceDate "2022.10.05"]
[SourceVersion "1"]
[SourceVersionDate "2022.10.05"]
[SourceQuality "1"]

1. c4 Nf6 2. Nc3 e5 3. g3 Be7 4. Bg2 d6 5. e4 Nc6 6. Nge2 Bg4 7. h3 Be6 8. d3 a6 9. 0-0 g5 10. Be3 Rg8 11. Nd5 Nb8 12. Qb3 b6 13. d4 c6 14. Nxe7 Qxe7 15. d5 Bd7 16. Nc3 c5 17. Nb5 Bc8 18. Kh2 Nh5 19. Qd1 g4 20. h4 h6 21. Nc3 Nd7 22. Kg1 Qf6 23. a4 Nf4 24. Bxf4 exf4 25. f3 Ne5 26. Ne2 gxf3 27. Bxf3 Qxh4 28. Bg2 fxg3 29. Nf4 Qh2# 0-1